[Event "County"]
[Site "?"]
[Date "1980.??.??"]
[Round "?"]
[White "Brameld, Arthur F"]
[Black "Clarke, Peter H"]
[Result "1/2-1/2"]
[WhiteElo "2175"]
[BlackElo "2240"]
[PlyCount "84"]
[EventDate "1980.??.??"]
[EventType "simul"]
[EventRounds "3"]

1. e4 e6 2. d4 d5 3. Nc3 Bb4 4. Nge2 dxe4 5. a3 Be7 6. Nxe4 Nf6 7. Nxf6+ Bxf6 8. Be3 c5 9. c3 cxd4 10. Nxd4 a6 11. Bc4 Bd7 12. O-O Nc6 13. Nxc6 Bxc6 14. Bc5 Qxd1 15. Raxd1 Rc8 16. Bb4 Be7 17. Bxe7 Kxe7 18. Bb3 Rhd8 19. Rxd8 Rxd8 20. Rd1 Rxd1+ 21. Bxd1 e5 22. Bc2 e4 23. h4 h6 24. g3 Kd6 25. Kf1 g5 26. hxg5 hxg5 27. Ke2 f5 28. a4 a5 29. Ke3 Ke5 30. Bd1 f4+ 31. gxf4+ gxf4+ 32. Kd2 b6 33. Bb3 Bd7 34. Bc2 Be6 35. Bd1 Bc4 36. Bc2 Bd5 37. Bd1 Kf5 38. b3 Ke5 39. Bc2 Bf7 40. Bd1 Be6 41. Bc2 Bg4 42. Bb1 Bf5 1/2-1/2

[Event "County"]
[Site "?"]
[Date "1981.??.??"]
[Round "?"]
[White "Anthony, G."]
[Black "Brameld, Arthur F"]
[Result "1/2-1/2"]
[WhiteElo "2160"]
[BlackElo "2175"]
[PlyCount "33"]
[EventDate "1981.??.??"]
[EventType "simul"]
[EventRounds "4"]

1. e4 Nf6 2. e5 Nd5 3. d4 d6 4. Nf3 g6 5. Bc4 Nb6 6. Bb3 Bg7 7. Ng5 d5 8. f4 f6 9. Nf3 O-O 10. O-O Nc6 11. c3 Be6 12. Bc2 Qd7 13. Nbd2 Rf7 14. Nb3 Na4 15. Nbd2 Nb6 16. Nb3 Na4 17. Nbd2 1/2-1/2

[Event "County"]
[Site "?"]
[Date "1972.??.??"]
[Round "?"]
[White "Brameld, Arthur F"]
[Black "Coles, W."]
[Result "1/2-1/2"]
[WhiteElo "1935"]
[BlackElo "2080"]
[PlyCount "76"]
[EventDate "1972.??.??"]
[EventType "simul"]
[EventRounds "3"]

1. e4 c5 2. Nf3 Nc6 3. d4 cxd4 4. Nxd4 Nf6 5. Nc3 d6 6. Bc4 e6 7. Be3 a6 8. Bb3 Be7 9. O-O O-O 10. f4 Qc7 11. Qf3 Bd7 12. Rae1 b5 13. Nxc6 Bxc6 14. a3 Rad8 15. Bd4 d5 16. e5 Ne4 17. Qe3 Qb7 18. Nxe4 dxe4 19. c3 a5 20. Bc2 b4 21. axb4 axb4 22. Bxe4 Bxe4 23. Qxe4 Qb5 24. Qe2 Qd5 25. Rd1 Qb3 26. Rf3 bxc3 27. bxc3 Ra8 28. Rfd3 Ra2 29. R3d2 Rfa8 30. g3 h6 31. Kg2 Ra1 32. Kh3 g6 33. Rxa1 Rxa1 34. Rb2 Qa3 35. Qf2 Qa6 36. Qe2 Qa3 37. Qf2 Qa6 38. Rb8+ Kg7 1/2-1/2

[Event "County"]
[Site "?"]
[Date "1975.??.??"]
[Round "?"]
[White "Brameld, Arthur F"]
[Black "Anderson, J."]
[Result "1/2-1/2"]
[WhiteElo "2045"]
[BlackElo "1980"]
[PlyCount "65"]
[EventDate "1975.??.??"]
[EventType "simul"]
[EventRounds "7"]

1. e4 e5 2. Nf3 Nf6 3. Nc3 Nc6 4. d4 exd4 5. Nd5 d6 6. Nxd4 Nxd4 7. Qxd4 Be7 8. Nxe7 Qxe7 9. f3 Qe5 10. Be3 Qxd4 11. Bxd4 Be6 12. Bxf6 gxf6 13. Bd3 Ke7 14. c3 Rag8 15. Rg1 h5 16. g3 h4 17. g4 Rg5 18. h3 Rhg8 19. Kf2 Ra5 20. a3 Bb3 21. Rge1 a6 22. c4 b5 23. Rac1 c5 24. Ke3 Rb8 25. Re2 b4 26. axb4 Rxb4 27. Rd2 Ra2 28. Rc3 Ra1 29. Kf2 a5 30. Be2 Rb6 31. f4 a4 32. g5 fxg5 33. fxg5 1/2-1/2

[Event "County"]
[Site "?"]
[Date "1992.??.??"]
[Round "?"]
[White "Meade, P."]
[Black "Brameld, Arthur F"]
[Result "1/2-1/2"]
[WhiteElo "2045"]
[BlackElo "2135"]
[PlyCount "80"]
[EventDate "1992.??.??"]
[EventType "simul"]
[EventRounds "5"]

1. d4 Nf6 2. c4 e6 3. Nc3 Bb4 4. a3 Bxc3+ 5. bxc3 b6 6. f3 d5 $6 7. cxd5 exd5 8. e3 O-O 9. Bd3 Ba6 10. Ne2 Bxd3 11. Qxd3 Re8 12. O-O Nc6 13. Ng3 Qe7 14. Ra2 Na5 15. e4 dxe4 16. fxe4 Nd7 17. Nf5 Qe6 18. Qg3 Qg6 19. Qxc7 Qc6 20. Qg3 Qg6 21. Qxg6 hxg6 22. Nd6 Re7 23. Re2 Rd8 24. a4 f6 25. Ba3 Re6 26. c4 Nb8 27. c5 bxc5 28. dxc5 Nbc6 29. Rb2 Ne5 30. Rb5 Nac4 31. Bb4 Nxd6 32. cxd6 Nd3 33. Rd1 Nxb4 34. Rxb4 Rexd6 35. Rxd6 Rxd6 36. Kf2 Rd2+ 37. Kf3 Ra2 38. h4 a5 39. Rc4 Kh7 40. g3 Ra3+ 1/2-1/2

[Event "County"]
[Site "?"]
[Date "1971.??.??"]
[Round "?"]
[White "Spencer, J."]
[Black "Brameld, Arthur F"]
[Result "1/2-1/2"]
[WhiteElo "2000"]
[BlackElo "1935"]
[PlyCount "80"]
[EventDate "1971.??.??"]
[EventType "simul"]
[EventRounds "2"]

1. e4 c5 2. Nf3 e6 3. d4 cxd4 4. Nxd4 Nf6 5. Nc3 Bb4 6. Bd3 Nc6 7. Nxc6 bxc6 8. O-O d5 9. e5 Nd7 10. Qg4 Bxc3 11. bxc3 g6 12. f4 f5 13. exf6 Qxf6 14. Be3 c5 15. h4 d4 16. Bd2 Nb6 17. Rae1 O-O 18. Re5 dxc3 19. Bc1 Rf7 20. h5 Rg7 21. hxg6 hxg6 22. Rf3 Bb7 23. Rg3 Kf7 24. Rg5 Rag8 25. Rxc5 Nd5 26. Ra5 Rh8 27. Ra4 Rh4 28. Qe2 Nxf4 29. Bxf4 Rxf4 30. Rxf4 Qxf4 31. Rg4 Qc1+ 32. Kh2 Qh6+ 33. Kg1 Bd5 34. Qf2+ Ke7 35. Qxa7+ Kf6 36. Qd4+ Kf7 37. Rf4+ Kg8 38. Qf2 e5 39. Rf8+ Kh7 40. Rd8 Rf7 1/2-1/2

[Event "County"]
[Site "?"]
[Date "1975.??.??"]
[Round "?"]
[White "Kemp, P R"]
[Black "Brameld, Arthur F"]
[Result "1/2-1/2"]
[WhiteElo "2100"]
[BlackElo "2045"]
[PlyCount "82"]
[EventDate "1975.??.??"]
[EventType "simul"]
[EventRounds "7"]

1. e4 Nf6 2. e5 Nd5 3. d4 d6 4. c4 Nb6 5. f4 g5 6. exd6 Qxd6 7. fxg5 Bg7 8. c5 Qe6+ 9. Be2 Nd5 10. Nc3 Nc6 11. Nf3 Bd7 12. Qb3 Ncb4 13. O-O Nxc3 14. bxc3 Qxe2 15. Qxb4 Bc6 16. Bf4 O-O-O 17. Rfe1 Qd3 18. Rxe7 Rd7 19. Rxd7 Kxd7 20. Qb3 Qf5 21. Ne5+ Bxe5 22. Bxe5 Re8 23. Rf1 Qxg5 24. Qxf7+ Re7 25. Qf5+ Qxf5 26. Rxf5 Ke6 27. Rg5 Bb5 28. Kf2 Bc4 29. a3 b5 30. Ke3 a5 31. h4 a4 32. h5 Bd5 33. h6 c6 34. g4 Rf7 35. Bf4 Kd7 36. Re5 Kd8 37. Bg5+ Kd7 38. Rf5 Be6 39. Rf4 Rxf4 40. Kxf4 Ke8 41. Bf6 Kf7 1/2-1/2

[Event "County"]
[Site "?"]
[Date "1992.??.??"]
[Round "?"]
[White "Jepps, G."]
[Black "Brameld, Arthur F"]
[Result "1/2-1/2"]
[WhiteElo "1905"]
[BlackElo "2135"]
[PlyCount "72"]
[EventDate "1992.??.??"]
[EventType "simul"]
[EventRounds "5"]

1. d4 d5 2. c4 e6 3. Nf3 Nf6 4. g3 c6 5. Bg2 Nbd7 6. O-O Ne4 7. Nc3 Nxc3 8. bxc3 Bd6 9. e4 dxe4 10. Ng5 Nf6 11. Nxe4 Nxe4 12. Bxe4 Qa5 13. Qg4 g6 14. Qf3 Qc7 15. Qf6 Rg8 16. Re1 Be7 17. Qf3 f5 18. Bc2 Bd7 19. Bf4 Bd6 20. d5 cxd5 21. cxd5 Bxf4 22. dxe6 Bc6 23. Qxf4 Qxf4 24. gxf4 Ke7 25. Rad1 Rad8 26. h4 Rxd1 27. Rxd1 Rd8 28. Rxd8 Kxd8 29. Bb3 Ke7 30. Kf1 b6 31. Ke2 Bb7 32. Ke3 Bc8 33. Kd4 Kd6 34. a4 { 34.e7!?} Bxe6 35. Bxe6 Kxe6 36. Kc4 a6 1/2-1/2

[Event "County"]
[Site "?"]
[Date "1980.??.??"]
[Round "?"]
[White "Shutler, S."]
[Black "Brameld, Arthur F"]
[Result "1/2-1/2"]
[WhiteElo "2180"]
[BlackElo "2175"]
[PlyCount "43"]
[EventDate "1980.??.??"]
[EventType "simul"]
[EventRounds "3"]

1. Nf3 f5 2. e4 fxe4 3. Ng5 Nf6 4. d3 e6 5. dxe4 Nc6 6. Bd3 Ne5 7. f4 Nxd3+ 8. cxd3 Bb4+ 9. Nc3 Qe7 10. O-O h6 11. e5 hxg5 12. exf6 Qxf6 13. Be3 Bxc3 14. bxc3 gxf4 15. Rxf4 Qe5 16. Qf3 g5 17. d4 Qd6 18. Qg3 gxf4 19. Qg6+ Kf8 20. Qf6+ Kg8 21. Qg6+ Kf8 22. Qf6+ 1/2-1/2

[Event "County"]
[Site "?"]
[Date "1988.??.??"]
[Round "?"]
[White "Brameld, Arthur F"]
[Black "Kirkman, N."]
[Result "1-0"]
[WhiteElo "2080"]
[BlackElo "1760"]
[PlyCount "61"]
[EventDate "1988.??.??"]
[EventType "game"]

1. e4 e6 2. d4 d5 3. Nc3 Nf6 4. e5 Nfd7 5. f4 c5 6. Nf3 Nc6 7. Be3 a6 8. Qd2 Qa5 9. Be2 cxd4 10. Nxd4 Nxd4 11. Bxd4 Bc5 12. O-O O-O 13. Rad1 b5 14. Bxc5 Nxc5 15. Nxd5 Qxd2 16. Ne7+ Kh8 17. Rxd2 Bb7 18. b4 Rae8 19. bxc5 Rxe7 20. Bf3 Bxf3 21. Rxf3 Rc7 22. Rc3 Rfc8 23. Rd6 g6 24. c6 Kg7 25. Kf2 Re8 26. Ke3 f5 27. Kd4 Kf7 28. Kc5 Rb8 29. Rcd3 Ke7 30. Rd7+ Rxd7 31. Rxd7+ 1-0

[Event "County"]
[Site "?"]
[Date "1989.??.??"]
[Round "?"]
[White "Brameld, Arthur F"]
[Black "Wheeler, George"]
[Result "1/2-1/2"]
[WhiteElo "2080"]
[BlackElo "2085"]
[PlyCount "54"]
[EventDate "1989.??.??"]
[EventType "simul"]
[EventRounds "3"]

1. e4 c5 2. Nf3 e6 3. d4 cxd4 4. Nxd4 Nf6 5. Nc3 Nc6 6. Be3 Bb4 7. f3 Bxc3+ 8. bxc3 O-O 9. Be2 d6 10. O-O e5 11. Nb5 Ne8 12. c4 Be6 13. Rb1 b6 14. Qd2 Qe7 15. Rfd1 Rd8 16. Nc3 f6 17. Nd5 Qf7 18. Kh1 Rc8 19. Rb5 f5 20. exf5 Bxf5 21. Bd3 Bxd3 22. cxd3 Nc7 23. Nxc7 Rxc7 24. Qe2 Ne7 25. Bf2 Ng6 26. Bg3 Nf4 27. Bxf4 Qxf4 1/2-1/2

[Event "County"]
[Site "?"]
[Date "1975.??.??"]
[Round "?"]
[White "Brameld, Arthur F"]
[Black "Davis, M."]
[Result "1/2-1/2"]
[WhiteElo "2045"]
[BlackElo "2045"]
[PlyCount "60"]
[EventDate "1975.??.??"]
[EventType "simul"]
[EventRounds "7"]

1. e4 Nf6 2. e5 Nd5 3. d4 d6 4. Nf3 Bg4 5. Be2 e6 6. c4 Nb6 7. exd6 cxd6 8. O-O Be7 9. Be3 O-O 10. Nbd2 Nc6 11. a3 a5 12. b4 d5 13. c5 Nd7 14. b5 Ncb8 15. Rc1 Qc7 16. g3 Rc8 17. Bf4 Qd8 18. Ne5 Nxe5 19. Bxg4 Nd3 20. Bxb8 Nxc1 21. Bf4 Nd3 22. Be3 Nxc5 23. dxc5 Bxc5 24. Bxc5 Rxc5 25. Be2 a4 26. Bd3 Rc3 27. Nb1 Rc5 28. Re1 Qd6 29. Bc2 Rc4 30. Bd3 Rc5 1/2-1/2

[Event "County"]
[Site "?"]
[Date "1981.??.??"]
[Round "?"]
[White "Tuck, J."]
[Black "Brameld, Arthur F"]
[Result "1/2-1/2"]
[WhiteElo "2135"]
[BlackElo "2175"]
[PlyCount "29"]
[EventDate "1981.??.??"]
[EventType "simul"]
[EventRounds "4"]

1. c4 e5 2. g3 g6 3. Nc3 Nc6 4. Bg2 Bg7 5. d3 d6 6. Nf3 h6 7. Rb1 Be6 8. b4 Qd7 9. b5 Nd8 10. Nd5 Ne7 11. Qb3 Nxd5 12. cxd5 Bh3 13. O-O Bxg2 14. Kxg2 O-O 15. Bd2 1/2-1/2

[Event "County"]
[Site "?"]
[Date "1992.??.??"]
[Round "?"]
[White "Brameld, Arthur F"]
[Black "Grime, R."]
[Result "1/2-1/2"]
[WhiteElo "2095"]
[BlackElo "1885"]
[PlyCount "54"]
[EventDate "1992.??.??"]
[EventType "simul"]
[EventRounds "5"]

1. e4 d6 2. d4 g6 3. Nc3 Bg7 4. f4 Nf6 5. Bd3 c6 6. Nf3 Bg4 7. Be3 Nbd7 8. e5 dxe5 9. fxe5 Nd5 10. Nxd5 cxd5 11. h3 Bxf3 12. Qxf3 e6 13. O-O O-O 14. c3 Rc8 15. Rf2 Nb6 16. Qg4 Nc4 17. Bg5 Qd7 18. Bxc4 Rxc4 19. Raf1 b5 20. Qh4 Rc7 21. Bf6 a5 22. a3 Rb7 23. g4 Qc7 24. Bxg7 Kxg7 25. g5 Kh8 26. Rf6 Qe7 27. b4 a4 1/2-1/2

[Event "County"]
[Site "?"]
[Date "1989.??.??"]
[Round "?"]
[White "Brameld, Arthur F"]
[Black "Van Kemenade, R."]
[Result "0-1"]
[WhiteElo "2080"]
[BlackElo "2005"]
[PlyCount "44"]
[EventDate "1989.??.??"]
[EventType "simul"]
[EventRounds "3"]

1. e4 e5 2. f4 exf4 3. Nf3 d6 4. d4 g5 5. h4 g4 6. Ng1 Qf6 7. Nc3 c6 8. e5 dxe5 9. Ne4 Qe7 10. dxe5 Qxe5 11. Qe2 Be6 12. Bd2 Qxb2 13. Rd1 Nd7 14. Bc3 Bb4 15. Bxb4 Qxb4+ 16. c3 Qb6 17. Nd6+ Kf8 18. Qe4 Qe3+ 19. Qxe3 fxe3 20. Nxb7 Ngf6 21. a3 Ne4 22. Rd4 Nf2 0-1

[Event "County (Cornwall)"]
[Site "?"]
[Date "1993.??.??"]
[Round "?"]
[White "Cole, Roland"]
[Black "Brameld, Arthur F"]
[Result "0-1"]
[WhiteElo "2070"]
[BlackElo "2070"]
[PlyCount "66"]
[EventDate "1993.??.??"]
[EventType "game"]

1. d4 e6 2. c4 Nf6 3. Nc3 c5 4. d5 exd5 5. cxd5 d6 6. Nf3 g6 7. g3 Bg7 8. Bg2 O-O 9. O-O Na6 10. Nd2 Nc7 11. a4 b6 12. e4 Ba6 13. Re1 Qd7 14. f4 Rae8 15. Nf3 Bc4 16. Rb1 Ng4 17. Qc2 f5 18. b3 fxe4 19. Rxe4 Rxe4 20. Qxe4 Ba6 21. Bb2 Re8 22. Qc2 Re3 23. h3 Rxf3 24. hxg4 Bd4+ 25. Kh1 Rxg3 26. Ne4 Bd3 27. Qxd3 Rxd3 28. Bxd4 Ne8 29. Ba1 Qxg4 30. Rf1 Rd1 31. Nf6+ Nxf6 32. Bxf6 Rxf1+ 33. Bxf1 Qxf4 0-1

[Event "County (Devon)"]
[Site "?"]
[Date "1995.??.??"]
[Round "?"]
[White "Brameld, Arthur F"]
[Black "Wheeler, John F"]
[Result "1/2-1/2"]
[WhiteElo "2160"]
[BlackElo "2015"]
[PlyCount "94"]
[GameId "2174117920467920"]
[EventDate "1995.??.??"]
[EventType "game"]

1. e4 e5 2. f4 Bc5 3. Nf3 d6 4. Nc3 Nf6 5. Bc4 Nc6 6. d3 Bg4 7. h3 Bxf3 8. Qxf3 Nd4 9. Qg3 Qe7 10. Bb3 O-O-O 11. fxe5 dxe5 12. Rf1 Rhg8 13. Bd2 c6 14. Ne2 Nxb3 15. axb3 Nd7 16. Nc3 a6 17. Be3 f6 18. O-O-O Bxe3+ 19. Qxe3 Nc5 20. Ne2 Rd7 21. g4 Ne6 22. Rf2 Qc5 23. Qxc5 Nxc5 24. Ng3 Ne6 25. Nh5 c5 26. Rdf1 b5 27. h4 c4 28. bxc4 bxc4 29. dxc4 Rd4 30. g5 fxg5 31. hxg5 Rxc4 32. Rf7 Rc7 33. Rxc7+ Kxc7 34. Rf7+ Kd6 35. Ng3 Nxg5 36. Ra7 g6 37. Rxa6+ Kc5 38. Ra5+ Kd4 39. Ra3 h5 40. Rd3+ Kc4 41. Nf1 h4 42. Nd2+ Kc5 43. Rd5+ Kc6 44. Nc4 Nxe4 45. Rxe5 Nd6 46. Ne3 g5 47. Ng4 Rg7 1/2-1/2

[Event "County (Devon)"]
[Site "?"]
[Date "1996.??.??"]
[Round "?"]
[White "Brusey, Alan"]
[Black "Brameld, Arthur F"]
[Result "0-1"]
[WhiteElo "2015"]
[BlackElo "2180"]
[PlyCount "96"]
[GameId "2174117920467960"]
[EventDate "1996.??.??"]
[EventType "game"]

1. e4 Nf6 2. e5 Ng8 3. d4 d5 4. Bd3 c5 5. c3 Nc6 6. Nf3 c4 7. Bc2 Bg4 8. b3 cxb3 9. axb3 e6 10. O-O Nge7 11. Ba3 Ng6 12. h3 Bxf3 13. Qxf3 Bxa3 14. Nxa3 a6 15. b4 O-O 16. Rfe1 Qg5 17. Re3 Rfc8 18. g3 Na7 19. Kh2 Nf8 20. Qd1 g6 21. f4 Qd8 22. g4 Nb5 23. Nxb5 axb5 24. Rxa8 Rxa8 25. Bd3 Qh4 26. Rg3 Nd7 27. Bxb5 Nb6 28. Qf1 Ra3 29. Qc1 Ra2+ 30. Rg2 Ra8 31. f5 exf5 32. gxf5 Nc4 33. Bxc4 dxc4 34. f6 Ra6 35. Qf1 b5 36. Rg4 Ra2+ 37. Kh1 Ra1 38. Rxh4 Rxf1+ 39. Kg2 Rc1 40. d5 Rc2+ 41. Kf1 Rxc3 42. Rd4 Kf8 43. d6 Ke8 44. Rd5 Rxh3 45. Rxb5 c3 46. Ke2 c2 47. Kd2 Rc3 48. Rc5 c1=Q+ 0-1

[Event "County (Dorset)"]
[Site "?"]
[Date "1995.??.??"]
[Round "?"]
[White "Brameld, Arthur F"]
[Black "Clark, Ian C"]
[Result "0-1"]
[WhiteElo "2125"]
[BlackElo "1980"]
[PlyCount "102"]
[EventDate "1995.??.??"]
[EventType "game"]

1. e4 c5 2. Nc3 e6 3. Nf3 Nc6 4. d4 cxd4 5. Nxd4 Bb4 6. Ndb5 d6 7. a3 Bxc3+ 8. Nxc3 Nf6 9. Bg5 O-O 10. Be2 a6 11. O-O b5 12. Qd2 Qe7 13. Bxf6 gxf6 14. Rad1 Bb7 15. Qxd6 Rfd8 16. Qxe7 Nxe7 17. Rxd8+ Rxd8 18. Rd1 Rxd1+ 19. Bxd1 f5 20. Bf3 Kg7 21. Kf1 Kh6 22. Ke2 Nc6 23. Ke3 Ne5 24. b3 Kg5 25. Be2 f4+ 26. Kd4 f3 27. h4+ Kf4 28. g3+ Kg4 29. Bd1 Nd7 30. Ke3 Ne5 31. Nb1 f5 32. Nd2 fxe4 33. Nxe4 h6 34. Nd2 Bd5 35. Ne4 Kf5 36. Nd6+ Kf6 37. Kf4 Ng6+ 38. Ke3 Ne5 39. Kf4 Ng6+ 40. Ke3 Ne5 41. Kd4 Ng4 42. Ne4+ Bxe4 43. Kxe4 Nxf2+ 44. Kxf3 Nxd1 45. Ke2 Nc3+ 46. Kd3 Nd5 47. c4 bxc4+ 48. bxc4 Ne7 49. Ke4 h5 50. Kf4 e5+ 51. Ke4 Ke6 0-1

[Event "County (Dorset)"]
[Site "?"]
[Date "1994.??.??"]
[Round "?"]
[White "Barker, E."]
[Black "Brameld, Arthur F"]
[Result "1-0"]
[WhiteElo "1960"]
[BlackElo "2070"]
[PlyCount "71"]
[EventDate "1994.??.??"]
[EventType "game"]

1. e4 Nf6 2. e5 Nd5 3. d4 d6 4. Nf3 Bg4 5. Bc4 e6 6. O-O Nb6 7. Bb5+ c6 8. Bd3 dxe5 9. dxe5 N8d7 10. Bf4 Nc5 11. Be2 Qxd1 12. Rxd1 Nd5 13. Bg3 Ne4 14. Nbd2 Nxg3 15. hxg3 Be7 16. Ne4 Bf5 17. Nfd2 O-O-O 18. a4 Rd7 19. c4 Nb4 20. c5 Rd4 21. Nd6+ Bxd6 22. cxd6 Bc2 23. Nf3 Bxd1 24. Nxd4 Bxe2 25. Nxe2 Nd3 26. f4 Nxb2 27. Nd4 g5 28. a5 gxf4 29. a6 Nd3 30. axb7+ Kxb7 31. Rb1+ Kc8 32. gxf4 Nxf4 33. Nxc6 Ng6 34. Nxa7+ Kd8 35. Rb8+ Kd7 36. Rb7+ 1-0

[Event "County (Gloucs)"]
[Site "?"]
[Date "1994.??.??"]
[Round "?"]
[White "Taylor, G."]
[Black "Brameld, Arthur F"]
[Result "0-1"]
[WhiteElo "1940"]
[BlackElo "2125"]
[PlyCount "118"]
[EventDate "1994.??.??"]
[EventType "game"]

1. e4 Nf6 2. Nc3 d5 3. e5 Ne4 4. d4 Nxc3 5. bxc3 c5 6. Nf3 Nc6 7. Bd3 Bg4 8. O-O e6 9. Be3 c4 10. Be2 Be7 11. Nd2 Bf5 12. Bg4 Bg6 13. Nf3 Qa5 14. Qd2 Qa4 15. Ne1 b5 16. f4 h5 17. f5 Bxf5 18. Bxf5 exf5 19. Rxf5 g6 20. Rf2 Qa3 21. Bg5 Bxg5 22. Qxg5 Qxc3 23. Qf6 O-O 24. Rd1 Nxd4 25. Rfd2 Qe3+ 26. Kh1 Ne6 27. Rxd5 Rab8 28. Nf3 Rb6 29. Qe7 a6 30. Qa7 Kg7 31. h3 Nf4 32. Rd6 Rxd6 33. Qxe3 Rxd1+ 34. Kh2 Ne6 35. Ng5 Nxg5 36. Qxg5 Rf1 37. Qe7 Rf5 38. Qd6 Re8 39. Qxa6 Rexe5 40. a4 bxa4 41. Qxa4 Rc5 42. Qa1+ c3 43. Qa7 h4 44. Qe7 g5 45. Qe3 Rfe5 46. Qd4 f6 47. Qd7+ Kg6 48. Qd3+ Kf7 49. Qd7+ Re7 50. Qd4 Rcc7 51. Qd3 Kg7 52. Qd4 Rcd7 53. Qxc3 Re2 54. Qc6 Rdd2 55. c4 Rxg2+ 56. Kh1 Rge2 57. Qb7+ Kh6 58. Qb1 Rh2+ 59. Kg1 Rdg2+ 0-1

[Event "County (Somerset)"]
[Site "?"]
[Date "1993.??.??"]
[Round "?"]
[White "Brameld, Arthur F"]
[Black "Pugh, D."]
[Result "0-1"]
[WhiteElo "2095"]
[BlackElo "1960"]
[PlyCount "98"]
[EventDate "1993.??.??"]
[EventType "game"]

1. e4 e5 2. f4 d5 3. exd5 c6 4. Nc3 exf4 5. Nf3 Bd6 6. Bc4 Ne7 7. d4 cxd5 8. Bxd5 Nxd5 9. Nxd5 Qa5+ 10. Nc3 O-O 11. O-O g5 12. Ne4 Be7 13. h4 h6 14. hxg5 hxg5 15. Nfxg5 Bxg5 16. Qh5 Bd8 17. Nf6+ Kg7 18. Qh7+ Kxf6 19. Bxf4 Ke7 20. Bh6 Be6 21. Rae1 Qd5 22. c3 Nc6 23. Rf5 Qc4 24. Rf6 Nxd4 25. cxd4 Qxd4+ 26. Rf2 Bb6 27. Bg5+ Kd7 28. Be3 Qd6 29. Bxb6 Qxb6 30. Qd3+ Ke8 31. Kf1 Qa6 32. Qxa6 bxa6 33. Rc2 Rb8 34. b3 Rh8 35. Kf2 Rh5 36. Rc7 Ra5 37. Re2 Rbb5 38. Rxa7 Rf5+ 39. Kg1 Kf8 40. Rc2 Kg7 41. Rac7 Rfd5 42. R7c3 Bf5 43. Rf2 Bg6 44. Rc6 Ra3 45. b4 Rd1+ 46. Kh2 Ra1 47. Rb6 R1xa2 48. Rf4 Rb2 49. Rff6 Be4 0-1

[Event "County (Somerset)"]
[Site "?"]
[Date "1994.??.??"]
[Round "?"]
[White "Fewkes, Jim"]
[Black "Brameld, Arthur F"]
[Result "0-1"]
[WhiteElo "1850"]
[BlackElo "2130"]
[PlyCount "46"]
[EventDate "1994.??.??"]
[EventType "game"]

1. d4 Nf6 2. c4 e6 3. Nc3 Bb4 4. Qc2 d5 5. cxd5 exd5 6. a3 Bxc3+ 7. Qxc3 Ne4 8. Qc2 Bf5 9. Qb3 Nc6 10. Nf3 O-O 11. Be3 Na5 12. Qd1 Nc4 13. Bc1 Re8 14. e3 c5 15. Bxc4 dxc4 16. O-O Bg4 17. dxc5 Qe7 18. Qe2 Qxc5 19. Bd2 Qh5 20. Bc3 Ng5 21. Qxc4 Nxf3+ 22. gxf3 Bxf3 23. Qf4 Re4 0-1

[Event "County (v Cornwall)"]
[Site "?"]
[Date "1995.??.??"]
[Round "?"]
[White "Brameld, Arthur F"]
[Black "Grime, R."]
[Result "1/2-1/2"]
[WhiteElo "2190"]
[BlackElo "1870"]
[PlyCount "46"]
[GameId "2174117920467952"]
[EventDate "1995.??.??"]
[EventType "game"]

1. e4 c5 2. Nf3 d6 3. d4 cxd4 4. Qxd4 Nc6 5. Bb5 Bd7 6. Bxc6 Bxc6 7. Nc3 e5 8. Qd3 h6 9. Be3 Nf6 10. h3 Be7 11. O-O-O Qc7 12. g4 O-O-O 13. g5 Nd7 14. gxh6 gxh6 15. Nd5 Bxd5 16. Qxd5 Nf6 17. Qxf7 Kb8 18. Qb3 Nxe4 19. Bxa7+ Kxa7 20. Qa4+ Kb8 21. Qxe4 Rhf8 22. Rhg1 Rf4 23. Qe3 Rdf8 1/2-1/2

[Event "County (v Dorset)"]
[Site "?"]
[Date "1996.??.??"]
[Round "?"]
[White "Hopkins, J."]
[Black "Brameld, Arthur F"]
[Result "1/2-1/2"]
[WhiteElo "1980"]
[BlackElo "2180"]
[PlyCount "39"]
[GameId "2174117920467954"]
[EventDate "1996.??.??"]
[EventType "game"]

1. f4 g6 2. Nf3 Bg7 3. e3 Nf6 4. Be2 O-O 5. O-O d6 6. d3 c5 7. c4 Nc6 8. Nc3 e5 9. fxe5 dxe5 10. e4 Bg4 11. Be3 Bxf3 12. Bxf3 Nd4 13. Ne2 Qd6 14. Nxd4 exd4 15. Bd2 Nd7 16. g3 Ne5 17. Bf4 f6 18. Bg2 Rab8 19. a4 a6 20. b3 1/2-1/2

[Event "County (v Gloucs)"]
[Site "?"]
[Date "1995.??.??"]
[Round "?"]
[White "Brameld, Arthur F"]
[Black "Bolt, G."]
[Result "0-1"]
[WhiteElo "2180"]
[BlackElo "1940"]
[PlyCount "104"]
[GameId "2174117920467938"]
[EventDate "1995.??.??"]
[EventType "game"]

1. e4 c5 2. Nf3 Nc6 3. b4 cxb4 4. d4 d6 5. d5 Ne5 6. Nxe5 dxe5 7. Bb2 Nf6 8. Nd2 e6 9. dxe6 Bxe6 10. Bxe5 Be7 11. Bb5+ Bd7 12. Qe2 O-O 13. Bd3 Bc5 14. h3 Be6 15. Nb3 Bb6 16. Rd1 Qe7 17. Bb2 Rad8 18. Qf3 Ne8 19. O-O a5 20. Qg3 a4 21. Nc1 Bd4 22. Bxd4 Rxd4 23. f4 f6 24. Qh4 Qc5 25. Kh1 Rd7 26. Rde1 f5 27. exf5 Bc4 28. Re5 Qc7 29. Rfe1 Nf6 30. Qf2 Bxd3 31. Nxd3 Qc3 32. Rc5 Qa3 33. Qe2 b3 34. Qe6+ Kh8 35. Rc3 Qxa2 36. cxb3 Qd2 37. Rec1 Rxd3 38. Rc8 Rdd8 39. bxa4 Qxf4 40. Rxd8 Rxd8 41. Rc8 Qd4 42. a5 h6 43. Rc7 Qb4 44. Qe5 Ra8 45. Qe7 Qxe7 46. Rxe7 Rxa5 47. Rxb7 Rxf5 48. Kh2 Kh7 49. g4 Rf3 50. Kg2 Ra3 51. Rb5 Ne4 52. Re5 Ng5 0-1

[Event "County (v Wilts)"]
[Site "?"]
[Date "1996.??.??"]
[Round "?"]
[White "Richmond, Peter"]
[Black "Brameld, Arthur F"]
[Result "1/2-1/2"]
[WhiteElo "2215"]
[BlackElo "2180"]
[PlyCount "55"]
[GameId "2174117920467957"]
[EventDate "1996.??.??"]
[EventType "game"]

1. e4 Nf6 2. e5 Nd5 3. Nc3 Nxc3 4. bxc3 d5 5. d4 c5 6. Be2 Nc6 7. Nf3 Bg4 8. O-O e6 9. Rb1 Rb8 10. Be3 Be7 11. dxc5 Bxf3 12. Bxf3 O-O 13. Re1 Qa5 14. Rb3 Bxc5 15. Qb1 Bxe3 16. Rxe3 Qc7 17. Qe1 Na5 18. Rb1 Nc4 19. Re2 Rfc8 20. Bg4 Qc5 21. Kh1 Rc6 22. f4 g6 23. Bf3 Ra6 24. f5 gxf5 25. Qh4 Qf8 26. Rxb7 Rxb7 27. Qg5+ Kh8 28. Qf6+ 1/2-1/2

[Event "County (vs Dorset)"]
[Site "?"]
[Date "2000.??.??"]
[Round "?"]
[White "Brameld, Arthur F"]
[Black "Pleasants, Alan J"]
[Result "1-0"]
[WhiteElo "2100"]
[BlackElo "2072"]
[PlyCount "45"]
[GameId "2174117920468089"]

1. e4 {B15: Caro-Kann: 3 Nc3: 3...g6 and 3...dxe4 4 Nxe4 Nf6 5 Nxf6+ exf6} g6 2. d4 c6 3. Nc3 d5 4. f3 Bg7 5. Be3 dxe4 6. fxe4 Nf6 7. Nf3 Qb6 8. Rb1 Qb4 9. Qd2 Bg4 10. a3 Qa5 11. Bc4 Bxf3 12. gxf3 O-O 13. e5 Nh5 14. f4 Nd7 15. f5 Rad8 16. fxg6 Nxe5 17. gxh7+ Kh8 18. Be2 Nf6 19. Rg1 Nxh7 20. Rxg7 Kxg7 21. Bh6+ Kg8 22. Bxf8 Nxf8 23. Qg5+ 1-0